000 00976nam a2200265 a 4500
001 000048452
003 Ost
005 20210504065241.0
008 190321s2015 dr r 000 0 spa d
020 _a9789945080803
040 _aDO-SdBNP
_bspa
_cBNPHU
082 _axxxx
_bV722r
100 1 _aVillarini Jusino, Ángel R.
_964536
245 1 0 _aRevolución es creación :
_breflexiones en torno a la práctica político-educación de Juan Bosch /
_cÁngel R. Villarini Jusino.
250 _a2a ed.
260 _aSanto Domingo :
_bFundación Juan Bosch,
_bOrganización para el fomento del desarrollo del pensamiento,
_c2015.
300 _a383 p. ;
_c23 cm.
490 1 _aBosch vive
_v11
500 _aIncluye datos biográficos del autor en las solapas
500 _aIncluye referencias bibliográficas y notas al pie de las páginas
504 _aBibliografía : p. 371-383
590 _aInventariado, 2019/BT
830 0 _aBosch vive
_n11
_975869
942 _2ddc
_cLBS1
999 _c47940
_d47940